| 000 | 004720000a22001810004500 | ||
|---|---|---|---|
| 003 | MACL | ||
| 005 | 20151011152224.0 | ||
| 008 | 151011b xxu||||| |||| 00| 0 eng d | ||
| 040 |
_aMACL _cMACL |
||
| 041 | _aEnglish | ||
| 082 | _a920/CHO | ||
| 100 |
_aChopra, P.N. _9715 |
||
| 245 | _aThe Collected Works of sardar Vallabhbhai Patel Vol 1 | ||
| 260 |
_bKonark Publishers P Ltd _c1990 _aDelhi |
||
| 350 | _a500 | ||
| 650 |
_aBiography _914377 |
||
| 942 |
_cBK _k920/CHO _2ddc |
||
| 999 |
_c44388 _d44388 |
||